| 000 | 01382cam a2200253 4500 | ||
|---|---|---|---|
| 001 | ABS64626 | ||
| 008 | 011102n2001 000 0 eng u | ||
| 035 | _a(Sirsi) u115452 | ||
| 100 | _aLewis, S. | ||
| 245 | _aInsuring against terrorism | ||
| 260 | _c2001 | ||
| 490 |
_aBuilding _v266(8207) 26 October 2001, 54-55(2) |
||
| 520 | _aConsiders how existing standard form contracts account for the threat of terrorism. Looks at the recently revised JCT standard form of contract which has amendments relating to insurance provisions and terrorist attacks. Highlights that the amended form has a number of exclusions to all-risks insurance that have not been amended, and argues that the phrases war, acts of a foreign enemy and hostilities should be clarified so as not to contradict the changes relating to terrorist attacks. Also outlines the approaches of GC/Works/1 and the ICE forms of contract to the threat of terrorism and concludes that the latter two contracts have a more balanced approach than JCT98. | ||
| 590 | _aABS | ||
| 650 | _aTERRORISM | ||
| 650 | _aALLOCATION OF RISK | ||
| 650 | _aICE FORMS OF CONTRACT | ||
| 650 | _aGC/WORKS/1 | ||
| 650 | _aJCT STANDARD FORM OF BUILDING CONTRACT (1998 EDITION) | ||
| 650 | _aSTANDARD FORMS OF CONTRACT | ||
| 650 | _aINSURANCE PROVISIONS | ||
| 690 | _aBUILT ENVIRONMENT-BUILDING CONTRACT FORMS | ||
| 942 | _n0 | ||
| 999 |
_c68761 _d68761 |
||